| 000 | 01153nam a22002297a 4500 | ||
|---|---|---|---|
| 005 | 2010083008028.0 | ||
| 010 | _aMAR-20200 | ||
| 020 |
_c650.00 _a9788171859993 |
||
| 035 | _aMR-12858 | ||
| 037 | _bDBAD / PUB | ||
| 082 | _a891.463 | ||
| 100 |
_aनेमाडे,भालचंद्र _917684 |
||
| 245 |
_aहिंदू : _c,भालचंद्र नेमाडे _bजगण्याची समृद्ध अडगळ / |
||
| 246 |
_aHindu:Jaganyachi Samriddha Adgal _bby Bhalchandra Nemade |
||
| 260 |
_aमुबंई _bपॉप्युलर प्रकाशन _c2010 |
||
| 270 |
_a301 महालक्ष्मी चैंबर्स, 22 भुलाभाई देसाई रोड _bमुबंई _e400026 |
||
| 300 |
_a603पृ _c22सेमी (सजिल्द) |
||
| 650 |
_aमराठी कादंबरी _917685 |
||
| 650 |
_aMarathi Fiction _917686 |
||
| 942 |
_2ddc _cMR _h891.463 _mनेमाडे |
||
| 999 |
_c43176 _d43176 |
||